| 000 | 00719nam a22001577a 4500 | ||
|---|---|---|---|
| 003 | OSt | ||
| 005 | 20150921152533.0 | ||
| 008 | 150921b xxu||||| |||| 00| 0 eng d | ||
| 040 | _cRUA | ||
| 082 | _aAGR CHU 2006 B034 Or.1 | ||
| 100 |
_91022 _aCHHUM, CHENDA. |
||
| 245 | _aTechnique of growing african marigold in the pot at crop station of royal university of agriculture បច្ចេកទេសដាំដុះផ្កាស្ពៃរៀងក្នុងផើង នៅស្ថានីយ៏ពិសោធន៏ដំណាំ នៃសាកលវិទ្យាល័យភូមិន្ទកសិកម្ម | ||
| 260 |
_aPhnom Penh _bRUA _c2006 |
||
| 300 |
_a33p. _bill. _c29cm. |
||
| 942 |
_2ddc _cAGR |
||
| 999 |
_c980 _d980 |
||